| 000 | 00407nam a2200157u 4500 | ||
|---|---|---|---|
| 008 | 080212|||||||||||||||||||||||||||||eng|u | ||
| 100 | 1 | _aAit-Khaled, Nadia | |
| 245 | 1 | 0 |
_aTuberculosis _bA manual for medical students _cNadia Ait-Khaled, Donald A. Enarson |
| 250 | _as e4d. | ||
| 260 |
_aGeneva _bWHO _c2003 |
||
| 300 | _a141p. | ||
| 650 | 4 | _aTuberculose | |
| 961 | w | l | _t12 |
| 999 |
_c2331 _d2331 |
||